Les villes les plus peuplées d'Europe commençant par N - Statistiques

Statistiques générales
  • Ce quiz a été pris 99 fois
  • Le résultat moyen est 6 sur 10
Statistiques - réponses
Pays Population Villes % Correct
France 320 000 Nantes
97%
Italie 913 000 Naples
92%
France 343 000 Nice
86%
Allemagne 510 000 Nuremberg
80%
Angleterre 286 000 Newcastle Upon Tyne
57%
Angleterre 299 000 Nottingham
56%
Russie 1 226 000 Nijni Novgorod
41%
Serbie 260 000 Novi Sad
26%
Angleterre 243 000 Northampton
19%
Russie 548 000 Naberejnye Tchelny
0%
Aucun quiz correspondant
Distribution des résultats
% des personnes avec chaque résultat
Percentile par nombre de réponses
Votre historique - résultats
Vous n’avez pas pris ce quiz